Černokňažník humoristický, zábavný, poučný, obrázkový časopis

Bibliographic Details
Corporate Author: Slovenská katolícka kadetská jednota (Cleveland, USA)
Format: Journal
Language:Slovak
PhysicalDescription:zv. 40 cm
Published: Cleveland, Ohio Jozef V. Rožko [1920-1927]
Subjects:

MARC

LEADER 00000cas a2200000 a 4500
001 vtls001355971
003 SK-MaSNL
005 20260228155805.0
008 180126d19201927xxumr|p r 0 0b0slo
035 |a SNK000309442 
040 |a SNK  |b slo  |c SNK  |e AACR2 
041 0 |a slo 
044 |a xxu  |c US 
080 |a 050  |2 2001 
245 0 0 |a Černokňažník  |b humoristický, zábavný, poučný, obrázkový časopis 
246 1 1 |a Magician 
260 |a Cleveland, Ohio  |b Jozef V. Rožko  |c [1920-1927] 
300 |a zv.  |c 40 cm 
310 |a 1x mesačne 
362 0 |a [1 (1920)-8 (1927)]  |z BA001/2014 
500 |a V r. 1925 rozmer zv. 26-28 cm 
650 0 7 |a Slováci v zahraničí  |2 SNKPH  |9 14695 
655 7 |a krajanské periodiká  |2 SNKPH  |9 110004 
710 2 |a Slovenská katolícka kadetská jednota (Cleveland, USA)  |9 265332 
850 |a Slovenská národná knižnica v Martine 
910 |a snk 
999 |c 582  |d 582 
952 |0 0  |1 0  |4 0  |7 0  |a SNK  |b SNK  |d 2002-11-22  |l 0  |o snkČSA 173/2/1921-1922  |p 17A0355678  |r 2005-01-02 00:00:00  |w 2026-02-21  |y PREZ 
952 |0 0  |1 0  |4 0  |7 0  |a SNK  |b SNK  |d 2003-01-24  |l 0  |o snkČSA 173/3/1922-1923  |p 17A0362756  |r 2005-01-02 00:00:00  |t č. 1-12  |w 2026-02-21  |y PREZ 
952 |0 0  |1 0  |4 0  |7 0  |a SNK  |b SNK  |d 2003-01-24  |l 0  |o snkČSA 173/4/1923-1924  |p 17A0370528  |r 2005-01-02 00:00:00  |w 2026-02-21  |y PREZ 
952 |0 0  |1 0  |4 0  |7 0  |a SNK  |b SNK  |d 2003-01-24  |l 0  |o snkČSA 173/5/1924-1925  |p 17A0366156  |r 2005-01-02 00:00:00  |w 2026-02-21  |y PREZ 
952 |0 0  |1 0  |4 0  |7 0  |a SNK  |b SNK  |d 2003-01-24  |l 0  |o snkČSA 173/6/1925-1926  |p 17A0182884  |r 2005-01-02 00:00:00  |w 2026-02-21  |y PREZ 
952 |0 0  |1 0  |4 0  |7 0  |a SNK  |b SNK  |d 2003-01-24  |l 0  |o snkČSA 173/3/1922-1923 D1  |p 17A0370585  |r 2005-01-02 00:00:00  |w 2026-02-21  |y PREZ